| 000 | 00458cam a2200193 4500 | ||
|---|---|---|---|
| 001 | D14786 | ||
| 008 | 090401t1960 xxu||||| |||| 00| 0 eng d | ||
| 035 | _a(Sirsi) u17896 | ||
| 041 | _aeng | ||
| 050 | _a526.9024625 | ||
| 100 | _aJenkins, R.B.M. | ||
| 245 | _aCurve Surveying | ||
| 260 |
_aLondon _bCleaver-Hume Press _c1960 |
||
| 300 | _a184p. 20cm | ||
| 350 | _a0 | ||
| 520 | _aKeywords Highways Roads Railways | ||
| 942 | _n0 | ||
| 948 | _c04/03/1997 | ||
| 999 |
_c87554 _d87554 |
||